[Event "It"]
[Site "masterchessopen.com - Buenos Aires (Argentina)"]
[Round "0"]
[White "Emma Jaime (ARG)"]
[Black "Bartis Gustavo (ARG)"]
[Result "1-0"]
[WhiteElo "2395"]
[BlackElo "2250"]

1.c4 c6 2.Nf3 d5 3.g3 Nf6 4.Bg2 Bf5 5.cxd5 cxd5 6.Qb3 Qc8 7.Nc3 e6 8.d3 Nc6
9.O-O Be7 10.Bf4 O-O 11.Rac1 Qd7 12.e4 Bg4 13.Ne5 Nxe5 14.Bxe5 dxe4 15.dxe4
Rac8 16.h3 Bh5 17.g4 Bg6 18.Rfd1 Qc6 19.Bf4 Bc5 20.e5 Be4 21.Bxe4 Nxe4 22.Be3
b6 23.Bxc5 bxc5 24.Qc2 f5 25.exf6 {#r} 1-0

[Event "Tournament"]
[Site "masterchessopen.com - Budapest (Hungary)"]
[Round "0"]
[White "Szabo Laszlo (HUN)"]
[Black "Felmeri Janos (HUN)"]
[Result "1-0"]
[WhiteElo "1903"]
[BlackElo "2275"]

1.c4 c6 2.Nf3 d5 3.g3 Nf6 4.Bg2 dxc4 5.a4 e6 6.Na3 b5 7.axb5 Bxa3 8.Rxa3 cxb5
9.b3 b4 10.Ra1 Bb7 11.bxc4 O-O 12.Bb2 a5 13.O-O Nbd7 14.d4 Ra6 15.Qb3 Qa8
16.Rfd1 Rb8 17.d5 exd5 18.Ne5 Nxe5 19.Bxe5 dxc4 20.Bxb8 Qxb8 21.Qxc4 Ra8 {#r}
1-0

[Event "Ch Yugoslavia"]
[Site "masterchessopen.com - Zagreb (Croatia)"]
[Round "0"]
[White "Raicevic Vladimir (SRB)"]
[Black "Ivacic Vladimir (SLO)"]
[Result "1-0"]
[WhiteElo "2089"]
[BlackElo "2224"]

1.c4 c6 2.b3 d5 3.Bb2 Nf6 4.g3 g6 5.Bg2 Bg7 6.Nf3 O-O 7.O-O Nbd7 8.d3 a5 9.a3
Qb6 10.Qc2 Re8 11.Nbd2 e5 12.e4 dxe4 13.dxe4 Qc5 14.b4 axb4 15.axb4 {#r} 1-0

[Event "It (open)"]
[Site "masterchessopen.com - Luxembourg"]
[Round "0"]
[White "Murey Jacob (ISR)"]
[Black "Sorm Daniel (CZE)"]
[Result "1-0"]
[WhiteElo "2429"]
[BlackElo "2317"]

1.c4 c6 2.Nf3 d5 3.e3 Bg4 4.Qb3 Qc7 5.cxd5 Bxf3 6.gxf3 cxd5 7.Bb5+ Nd7 8.Qxd5
Qxc1+ 9.Ke2 Qc7 10.Rc1 Qd6 11.Qxb7 Rd8 12.Qxa7 Nf6 13.Rc7 g6 14.Nc3 Bg7 15.Ne4
Nxe4 16.Rxd7 O-O 17.Rxd6 Nxd6 18.Bc6 Nc4 19.d4 e5 20.Rc1 Nxb2 21.d5 e4 22.fxe4
{#r} 1-0

[Event "Bundesliga 1988/89"]
[Site "masterchessopen.com - Germany"]
[Round "0"]
[White "Schneider Chad A (USA)"]
[Black "Stolte Alexander (GER)"]
[Result "1-0"]
[WhiteElo "2133"]
[BlackElo "2200"]

1.c4 c6 2.g3 g6 3.Bg2 d5 4.cxd5 cxd5 5.Nc3 d4 6.Qa4+ Nc6 7.Ne4 e5 8.d3 h6
9.Nf3 Bg7 10.b4 a6 11.b5 Nb8 12.Ba3 Ne7 13.Nd6+ Kf8 14.Nxc8 Qxc8 15.Rc1 Qd8
16.Nd2 {#r} 1-0

[Event "It (open) \"]
[Site "masterchessopen.com - Moscow (Russia)"]
[Round "0"]
[White "Petrakov A (RUS)"]
[Black "Shabanov Yuri (RUS)"]
[Result "0-1"]
[WhiteElo "2350"]
[BlackElo "2326"]

1.c4 c6 2.Nf3 d5 3.g3 Bg4 4.Bg2 e6 5.O-O Bd6 6.d3 Ne7 7.Qa4 Bh5 8.cxd5 exd5
9.Qh4 Bg6 10.e4 O-O 11.Nc3 Na6 12.Bf4 Nc5 13.Rad1 Ne6 14.Bxd6 Qxd6 15.e5 Qc7
16.Qa4 Bh5 17.d4 f6 18.Rde1 Bxf3 19.Bxf3 b5 20.Qb4 fxe5 21.Rxe5 a5 22.Qb3 Nxd4
{#R} 0-1

[Event "It (open)"]
[Site "masterchessopen.com - San Fernando (Argentina)"]
[Round "0"]
[White "Riverol Jose (URU)"]
[Black "Sorokin Maxim (RUS)"]
[Result "0-1"]
[WhiteElo "2302"]
[BlackElo "2490"]

1.c4 c6 2.g3 d5 3.Bg2 Nf6 4.Qa4 Nbd7 5.d3 e6 6.Nf3 Bd6 7.O-O O-O 8.Nc3 Re8
9.e4 dxe4 10.dxe4 e5 11.Be3 Bc5 12.Bxc5 Nxc5 13.Qc2 Bg4 14.Rad1 Qb6 15.Rd6
Bxf3 16.Nd5 Nxd5 {#R} 0-1

[Event "It (open)"]
[Site "masterchessopen.com - Zaragoza (Spain)"]
[Round "0"]
[White "Gonzalez Freixas Albert (ESP)"]
[Black "Jerez Perez Alfonso (ESP)"]
[Result "0-1"]
[WhiteElo "2194"]
[BlackElo "2250"]

1.c4 c6 2.g3 d5 3.Bg2 e5 4.Qc2 Nf6 5.b3 Bd6 6.Bb2 O-O 7.e3 Bg4 8.Nc3 e4 9.cxd5
cxd5 10.Nxd5 Nxd5 11.Bxe4 Nf6 12.Bxb7 Nbd7 13.Qc6 Ne5 14.Bxe5 Bxe5 15.Bxa8
Bxa1 16.Bb7 Qd3 17.Qc1 Be5 18.h3 Bd7 19.Nf3 Bd6 20.Nd4 Rb8 21.Bf3 Rc8 22.Qd1
Re8 23.Be2 Qe4 24.Bf3 Qxd4 {#R} 0-1

[Event "It (open)"]
[Site "masterchessopen.com - Zaragoza (Spain)"]
[Round "0"]
[White "Mellado Trivino Juan (AND)"]
[Black "Gonzalez Freixas Albert (ESP)"]
[Result "0-1"]
[WhiteElo "2410"]
[BlackElo "2194"]

1.c4 c6 2.g3 d5 3.Bg2 Nf6 4.Qc2 g6 5.b3 Bg7 6.Bb2 O-O 7.Nf3 a5 8.O-O a4 9.bxa4
Nbd7 10.cxd5 cxd5 11.Nc3 Nb6 12.d3 Bd7 13.Rfc1 Nxa4 14.Nxa4 Rxa4 15.Qc7 Bc6
16.Qxd8 Rxd8 17.Rc2 Rda8 18.Bc3 Nd7 19.Bxg7 Kxg7 20.Nd4 Rxd4 {#R} 0-1

[Event "Ch BEM (juniors) (under 20)"]
[Site "masterchessopen.com - Gifhorn (Germany)"]
[Round "6"]
[White "Jeske Mark (GER)"]
[Black "Hiemann Moritz (GER)"]
[Result "0-1"]
[WhiteElo "2123"]
[BlackElo "2141"]

1.c4 c6 2.g3 d5 3.Bg2 Nf6 4.Nf3 dxc4 5.Na3 b5 6.O-O e6 7.b3 Qa5 8.Nb1 cxb3
9.Qxb3 Bb7 10.Bb2 Be7 11.Rc1 Qb6 12.d3 O-O 13.Nbd2 Nbd7 14.d4 Rac8 15.Rc2 c5
16.Ba3 Bd5 17.Qd3 c4 18.Qe3 Bxa3 19.Qxa3 b4 20.Qc1 c3 21.e4 cxd2 22.Nxd2 Rxc2
23.Qxc2 Qxd4 24.Rd1 Bb7 25.Nb3 Qc3 {#R} 0-1

[Event "Cup Statoil"]
[Site "masterchessopen.com - Denmark"]
[Round "4"]
[White "Izsak Gyula (HUN)"]
[Black "Ligaard Morten (DEN)"]
[Result "1-0"]
[WhiteElo "2430"]
[BlackElo "2185"]

1.c4 c6 2.Nf3 d5 3.e3 Bg4 4.Qb3 Qc7 5.Be2 e6 6.O-O Bd6 7.h3 Bxf3 8.Bxf3 Nf6
9.d4 g5 10.cxd5 h5 11.e4 g4 12.e5 gxf3 13.dxe6 fxg2 14.Re1 Bxe5 15.Rxe5 Na6
16.exf7+ Kf8 17.Bg5 Nd5 18.Nc3 Qxf7 19.Nxd5 cxd5 20.Rae1 Rg8 21.Bh6+ {#r} 1-0

[Event "Ch Aragon (team)"]
[Site "masterchessopen.com - Aragon (Spain)"]
[Round "0"]
[White "Montalban Galvez A (ESP)"]
[Black "Carbonell Bofill Carlos (ESP)"]
[Result "0-1"]
[WhiteElo "2207"]
[BlackElo "2208"]

1.c4 c6 2.g3 d5 3.Bg2 Nf6 4.Nf3 Bf5 5.cxd5 cxd5 6.O-O e6 7.d4 Bd6 8.Nc3 Nc6
9.Nh4 Bg4 10.Qa4 Qb6 11.Be3 O-O 12.Rfc1 Rac8 13.Nf3 Qb4 14.h3 Bh5 15.g4 Bg6
16.Nh4 Be4 17.Qxb4 Nxb4 18.a3 Nc2 19.Nxe4 dxe4 20.Rab1 Nxe3 21.fxe3 g5 {#R}
0-1

[Event "It (open)"]
[Site "masterchessopen.com - Bern (Switzerland)"]
[Round "1"]
[White "Trachsel Peter (SUI)"]
[Black "Gilles Raphael (FRA)"]
[Result "0-1"]
[WhiteElo "1888"]
[BlackElo "1505"]

1.c4 c6 2.Nf3 d5 3.e3 e6 4.b3 f5 5.Bb2 Nf6 6.g3 Bd6 7.Bg2 Nbd7 8.O-O O-O 9.d3
Qe7 10.Nbd2 e5 11.Nh4 g6 12.Qc2 e4 13.d4 Nh5 14.Bh3 f4 15.exf4 Nxf4 16.Bg4 Qg5
17.f3 Nf6 18.Bxc8 Raxc8 19.fxe4 Ne2+ 20.Kg2 Nxg3 21.Ndf3 Nxf1+ 22.Nxg5 Ne3+
23.Kh1 Nxc2 24.Rb1 Nxe4 {#R} 0-1

[Event "It (open) \"]
[Site "masterchessopen.com - Czech Republic"]
[Round "0"]
[White "Kostal Otakar (CZE)"]
[Black "Skola Miroslav (CZE)"]
[Result "0-1"]
[WhiteElo "2021"]
[BlackElo "2166"]

1.c4 c6 2.g3 d5 3.cxd5 cxd5 4.Bg2 Nf6 5.d4 Bf5 6.Nc3 e6 7.e3 Nc6 8.Bd2 Nb4
9.Qa4+ Qd7 10.Qxd7+ Kxd7 11.Kf1 Nd3 12.Rb1 Rc8 13.Nh3 h6 14.a3 g5 15.b4 Ne4
16.Nxe4 dxe4 17.Ke2 e5 18.f3 exf3+ 19.Bxf3 e4 20.Bg2 Rc2 21.Kd1 Ra2 22.Bf1
Bg4+ 23.Be2 Bxh3 {#R} 0-1

[Event "It (open)"]
[Site "masterchessopen.com - Mondariz (Spain)"]
[Round "0"]
[White "Garcia Roman Jose Luis Machado (ESP)"]
[Black "Manso Gil Angel (ESP)"]
[Result "0-1"]
[WhiteElo "2014"]
[BlackElo "2224"]

1.c4 c6 2.b3 d5 3.Bb2 Nf6 4.cxd5 cxd5 5.Nc3 e5 6.Nf3 Nc6 7.e3 Bg4 8.h3 Bh5
9.g4 Bg6 10.Nh4 d4 11.Nb5 a6 12.Nxg6 hxg6 13.Na3 dxe3 14.dxe3 Qa5+ {#R} 0-1

[Event "VK3 1997/98"]
[Site "masterchessopen.com - NRW (Germany)"]
[Round "5"]
[White "Drawe Thomas (GER)"]
[Black "Ritter Uwe (GER)"]
[Result "0-1"]
[WhiteElo "2069"]
[BlackElo "1998"]

1.c4 c6 2.g3 Nf6 3.Bg2 d5 4.e3 dxc4 5.Nc3 g6 6.Nge2 Bf5 7.e4 Bc8 8.Qa4 Na6
9.Nf4 e5 10.Nfd5 Be6 11.d4 cxd3 12.Bg5 Bg7 13.Nxf6+ Bxf6 14.Bh6 Bg5 15.Bg7 d2+
16.Kd1 Nc5 17.Qa3 Nd3 18.Nd5 Nxf2+ 19.Ke2 cxd5 20.Kxf2 Qb6+ 21.Kf3 dxe4+ {#R}
0-1

[Event "VL2 1997/98"]
[Site "masterchessopen.com - NRW (Germany)"]
[Round "6"]
[White "Aumann Welf (GER)"]
[Black "Linde Wolfgang (GER)"]
[Result "1-0"]
[WhiteElo "2300"]
[BlackElo "2150"]

1.c4 c6 2.Nf3 d5 3.g3 Nf6 4.Bg2 Bg4 5.Ne5 Bh5 6.cxd5 cxd5 7.Nc3 e6 8.Qa4+ Nbd7
9.g4 Bg6 10.h4 Bd6 11.Nxd7 Qxd7 12.Qxd7+ Kxd7 13.h5 Bc2 14.g5 Ne8 15.d3 Bb4
16.Bd2 Rc8 17.Rh4 a5 18.Rc1 Ba4 19.Rxb4 axb4 20.Nxa4 Rxc1+ 21.Bxc1 Nd6 22.Bd2
b5 23.Nc5+ {#r} 1-0

[Event "Ch Europe (juniors) (under 10)"]
[Site "masterchessopen.com - Tallinn (Estonia)"]
[Round "9"]
[White "Soskov Vjatsheslav (EST)"]
[Black "Tjurins Ilja (LAT)"]
[Result "0-1"]
[WhiteElo "2272"]
[BlackElo "2168"]

1.c4 c6 2.Nc3 d5 3.e3 Nf6 4.Nf3 Bg4 5.h3 Bxf3 6.Qxf3 e6 7.a3 Be7 8.cxd5 exd5
9.d4 O-O 10.Bd3 Nbd7 11.O-O Qc7 12.Rd1 Rfe8 13.Ne2 Bd6 14.Bd2 Ne4 15.Nc3 Ndf6
16.Rac1 Nxc3 17.Rxc3 Ne4 {#R} 0-1

[Event "It (open) \"]
[Site "masterchessopen.com - Copenhagen (Denmark)"]
[Round "2"]
[White "Fuglsang Flemming (DEN)"]
[Black "Steffensen Stefan (DEN)"]
[Result "1-0"]
[WhiteElo "2285"]
[BlackElo "2067"]

1.c4 c6 2.Nf3 d5 3.g3 Nf6 4.Bg2 Bf5 5.O-O Bxb1 6.Rxb1 dxc4 7.b3 c3 8.dxc3 Qa5
9.Qc2 e6 10.b4 Qh5 11.b5 Bd6 12.bxc6 b6 13.Qa4 Bc7 14.Ba3 {#r} 1-0

[Event "Ch Russia (1/2 final)"]
[Site "masterchessopen.com - Perm (Russia)"]
[Round "7"]
[White "Driamin Dmitry (RUS)"]
[Black "Kraev Alexei (RUS)"]
[Result "0-1"]
[WhiteElo "2295"]
[BlackElo "2385"]

1.c4 c6 2.Nf3 d5 3.g3 Nf6 4.Bg2 Bf5 5.cxd5 cxd5 6.Qb3 Qb6 7.Qxb6 axb6 8.Nc3 e6
9.Nb5 Na6 10.O-O Be7 11.d3 O-O 12.Bf4 Rfc8 13.Rfc1 Ne8 14.Nbd4 Bg6 15.Ne5 Bd6
16.Nb5 Bxe5 17.Bxe5 f6 18.Bd4 Rc6 19.f4 Rac8 20.Rc3 Rxc3 21.bxc3 Nc5 22.Rb1
Ra8 23.Rb2 Ra4 24.g4 Bf7 25.Bf3 Kf8 {#R} 0-1

[Event "It (open)"]
[Site "masterchessopen.com - Bad Zwesten (Germany)"]
[Round "1"]
[White "Schaller Sven (GER)"]
[Black "Zaerban Jan Christop (GER)"]
[Result "1-0"]
[WhiteElo "2308"]
[BlackElo "2103"]

1.c4 c6 2.Nf3 d5 3.e3 Nf6 4.Nc3 g6 5.b3 Bg7 6.Bb2 O-O 7.Be2 Nbd7 8.d4 Re8
9.O-O dxc4 10.bxc4 e5 11.Nxe5 Nxe5 12.dxe5 Qxd1 13.Raxd1 Ng4 14.Ne4 Nxe5
15.Nd6 Rd8 16.f4 Bg4 17.Bxg4 Nxg4 18.Bxg7 Kxg7 19.Rfe1 Rd7 20.Nf5+ {#r} 1-0

[Event "Czech League 1999/00 (2nd) (a) 1999/00"]
[Site "masterchessopen.com - Czech Republic"]
[Round "0"]
[White "Kuba Stanislav (CZE)"]
[Black "Cesal Jaroslav (CZE)"]
[Result "0-1"]
[WhiteElo "2309"]
[BlackElo "2284"]

1.c4 c6 2.Qc2 e5 3.e4 Bc5 4.d3 Ne7 5.f4 d5 6.Nf3 dxe4 7.dxe4 O-O 8.Nxe5 f5
9.Bd3 fxe4 10.Bxe4 Bf5 11.Nc3 Nd7 12.Bd2 Nxe5 13.fxe5 Bf2+ 14.Ke2 Qd4 15.Bxf5
Rxf5 16.Ne4 Rxe5 17.Kf3 Rf8+ 18.Bf4 Qe3+ {#R} 0-1

[Event "It (open)"]
[Site "masterchessopen.com - Frohnleiten (Austria)"]
[Round "8"]
[White "Kupreichik Viktor D (BLR)"]
[Black "Kogler Norbert (AUT)"]
[Result "1-0"]
[WhiteElo "2429"]
[BlackElo "2080"]

1.c4 c6 2.Nf3 d5 3.e3 e6 4.Nc3 Nf6 5.Qc2 Be7 6.d4 Nbd7 7.Bd3 dxc4 8.Bxc4 b5
9.Be2 b4 10.Na4 Bb7 11.Bd2 Rc8 12.O-O O-O 13.a3 c5 14.dxc5 Nxc5 15.Bxb4 Be4
16.Qd1 Nxa4 17.Qxa4 Bxb4 18.axb4 Rc2 19.Nd4 Rd2 20.b5 e5 21.Qb4 Rxd4 22.exd4
exd4 23.Rfd1 {#r} 1-0

[Event "Ch Slovakia (team) 1998/99 (1 liga) East"]
[Site "masterchessopen.com - Slovakia"]
[Round "8"]
[White "Sokol Lubomir (SVK)"]
[Black "Hotak Marian (SVK)"]
[Result "1-0"]
[WhiteElo "2155"]
[BlackElo "2037"]

1.c4 c6 2.g3 d5 3.b3 e6 4.Bg2 Nd7 5.d3 Bb4+ 6.Bd2 Qf6 7.Bxb4 Qxa1 8.Bc3 Qxa2
9.Bxg7 f6 10.Bxh8 Kf8 11.g4 Nc5 12.Nd2 a5 13.d4 Na6 14.Nh3 h6 15.O-O a4
16.bxa4 Nc7 17.cxd5 Rxa4 18.Ne4 Nb5 19.e3 e5 20.Qf3 f5 21.Ng3 f4 22.Bxe5 Ke8
23.dxc6 fxg3 24.fxg3 {#r} 1-0

[Event "Ch Poland (team) (juniors) (under 20) (2 div)"]
[Site "masterchessopen.com - Biala-Podlaska (Poland)"]
[Round "4"]
[White "Bugalski Michal (POL)"]
[Black "Gosciniak Tomasz (POL)"]
[Result "1-0"]
[WhiteElo "2185"]
[BlackElo "1942"]

1.c4 c6 2.Nf3 Nf6 3.g3 g6 4.b3 Bg7 5.Bb2 O-O 6.Bg2 d5 7.O-O Nbd7 8.d3 Qc7
9.Nbd2 e5 10.Qc2 d4 11.b4 Ne8 12.a4 f5 13.Nb3 Ndf6 14.b5 c5 15.Ba3 Nd7 16.Ng5
e4 17.Ne6 exd3 18.exd3 Qd6 19.Nxf8 Qxf8 20.Rfe1 Rb8 21.Re2 b6 22.Rae1 Nd6
23.Bc1 Bb7 24.Bf4 Bxg2 25.Kxg2 h6 {#r} 1-0

[Event "Ch Denmark (team) 1999/00"]
[Site "masterchessopen.com - Denmark"]
[Round "5"]
[White "Baekgaard Martin (DEN)"]
[Black "Christiansen Jens Jorgen (DEN)"]
[Result "0-1"]
[WhiteElo "2170"]
[BlackElo "2210"]

1.c4 c6 2.g3 Nf6 3.Bg2 d5 4.Nf3 Bf5 5.cxd5 Nxd5 6.d3 Bg6 7.O-O e6 8.Nbd2 Nd7
9.Nc4 Be7 10.Bd2 O-O 11.Qe1 Re8 12.b4 Bf8 13.a4 e5 14.e4 Nc7 15.Bc3 f6 16.Nh4
Bf7 17.Nf5 Nb6 18.Na5 Rb8 19.Qe2 g6 20.Ne3 Ne6 21.f4 Nd4 22.Qf2 exf4 23.Ng4 c5
24.Qxf4 Ne2+ 25.Kh1 Nxf4 {#R} 0-1

[Event "Bundesliga (2nd) North 1999/00"]
[Site "masterchessopen.com - Germany"]
[Round "0"]
[White "Federau Juergen (GER)"]
[Black "Boehnisch Manfred (GER)"]
[Result "0-1"]
[WhiteElo "2244"]
[BlackElo "2339"]

1.c4 c6 2.b3 d5 3.Bb2 Bg4 4.g3 e6 5.Bg2 Nf6 6.f3 Bh5 7.Nh3 Bd6 8.d4 Nbd7 9.O-O
O-O 10.Nf4 Bxf4 11.gxf4 Bg6 12.Nd2 Nh5 13.e3 Qf6 14.Re1 Rfd8 15.a4 Nc5 16.Ba3
Nd3 17.Re2 Nhxf4 18.exf4 Qxd4+ 19.Kf1 Nxf4 20.Rf2 Bd3+ 21.Kg1 Ne2+ 22.Kh1 Qxf2
{#R} 0-1

[Event "Ch Hungary (team) 2000/01"]
[Site "masterchessopen.com - Hungary"]
[Round "3"]
[White "Kovacs G_ (HUN)"]
[Black "Bartha Sandor (HUN)"]
[Result "1-0"]
[WhiteElo "2348"]
[BlackElo "2212"]

1.c4 c6 2.Nf3 d5 3.g3 dxc4 4.a4 b5 5.axb5 cxb5 6.Na3 Qb6 7.b3 Bb7 8.Bg2 e5
9.Bb2 e4 10.Nd4 Bxa3 11.Rxa3 Nf6 12.O-O O-O 13.bxc4 bxc4 14.Qa1 Nbd7 15.Rb1
Bd5 16.Bc3 Qc7 17.Nb5 Qd8 18.Bb4 Re8 19.Nd6 Re5 20.Rxa7 Rxa7 21.Qxa7 Be6
22.Bc3 Rh5 23.Nxe4 Nxe4 24.Bxe4 f5 25.Bc6 {#r} 1-0

[Event "It (open) (b)"]
[Site "masterchessopen.com - Pardubice (Czech Republic)"]
[Round "1"]
[White "Novak Milan (CZE)"]
[Black "Pacovsky Jiri (CZE)"]
[Result "0-1"]
[WhiteElo "2066"]
[BlackElo "2337"]

1.c4 c6 2.Nf3 d5 3.e3 Nf6 4.Be2 Bf5 5.Nh4 Bg6 6.Nxg6 hxg6 7.f4 e6 8.cxd5 exd5
9.d3 Bc5 10.Bf3 Qe7 11.Qe2 O-O 12.O-O Re8 13.Re1 Qd6 14.Qc2 Na6 15.g3 Re6
16.a3 Rae8 17.Kf2 d4 {#R} 0-1

[Event "It (open)"]
[Site "masterchessopen.com - Wattens (Austria)"]
[Round "3"]
[White "Krause Christian (GER)"]
[Black "Hofer Franz (AUT)"]
[Result "0-1"]
[WhiteElo "2181"]
[BlackElo "2032"]

1.c4 c6 2.Nf3 d5 3.e3 Bg4 4.b3 e6 5.Bb2 f5 6.h3 Bh5 7.g4 fxg4 8.Ne5 Qh4 9.Be2
Nf6 10.Bxg4 Nxg4 11.Nxg4 Nd7 12.Qf3 O-O-O 13.Qg2 Nf6 14.Ne5 Nd7 15.cxd5 Nxe5
16.Bxe5 Rxd5 17.Bg3 Qf6 18.O-O Qxa1 19.Nc3 Qb2 20.Nxd5 exd5 21.Qh2 Qf6 22.f4
Qf5 {#R} 0-1

[Event "It (open)"]
[Site "masterchessopen.com - Creon (France)"]
[Round "5"]
[White "Sanchez Nicolas (FRA)"]
[Black "Cornette Matthieu (FRA)"]
[Result "0-1"]
[WhiteElo "2168"]
[BlackElo "2342"]

1.c4 c6 2.Nf3 d5 3.cxd5 cxd5 4.g3 Nc6 5.Bg2 Bg4 6.b4 e6 7.Qa4 Bxf3 8.Bxf3 Bxb4
9.Bb2 Nf6 10.O-O O-O 11.a3 Be7 12.d3 Qb6 13.Bc3 d4 14.Bxc6 dxc3 15.Bb5 Nd5
16.Bc4 Bf6 17.Ra2 Qc5 18.Qb3 Rfc8 19.Rc2 Nb6 {#R} 0-1

[Event "Ch Hungary (team) 2000/01"]
[Site "masterchessopen.com - Hungary"]
[Round "8"]
[White "Berkes Ferenc (HUN)"]
[Black "Karolyi Tibor Jr (HUN)"]
[Result "1-0"]
[WhiteElo "2541"]
[BlackElo "2415"]

1.c4 c6 2.b3 d5 3.Bb2 Bg4 4.Nf3 Nd7 5.e3 e6 6.Be2 h6 7.d3 Ngf6 8.Nbd2 Bd6
9.O-O Qe7 10.cxd5 cxd5 11.e4 Ba3 12.Bxa3 Qxa3 13.Rc1 Qxa2 14.Rc7 Qa6 15.e5 Ng8
16.Ne4 Bxf3 17.Nd6+ Kd8 18.Qc2 Nxe5 19.Nxb7+ Ke8 20.gxf3 Qb6 21.d4 Nc4 22.Bxc4
dxc4 23.Qxc4 Ne7 24.Qa4+ Kf8 25.Qd7 {#r} 1-0

[Event "Memorial V.Syre (open)"]
[Site "masterchessopen.com - Issy Les Moulineaux (France)"]
[Round "3"]
[White "Akl Nabil (FRA)"]
[Black "Lenormand Marc (FRA)"]
[Result "1-0"]
[WhiteElo "2236"]
[BlackElo "2054"]

1.c4 c6 2.g3 Nf6 3.Bg2 d5 4.Nf3 g6 5.b3 Bg7 6.Bb2 O-O 7.d3 e6 8.Nbd2 Nbd7
9.Qc2 Re8 10.Ne5 Nxe5 11.Bxe5 Nd7 12.Bxg7 Kxg7 13.O-O dxc4 14.Nxc4 Qe7 15.Rfc1
e5 16.Qc3 Kg8 17.Na5 Nf6 18.Nc4 e4 19.dxe4 Nxe4 20.Bxe4 {#r} 1-0

[Event "It (open)"]
[Site "masterchessopen.com - Polanica Zdroj (Poland)"]
[Round "5"]
[White "Stepniewski Jerzy (POL)"]
[Black "Gacek Waldemar (POL)"]
[Result "0-1"]
[WhiteElo "1805"]
[BlackElo "2124"]

1.c4 c6 2.g3 d5 3.cxd5 cxd5 4.Nf3 Nc6 5.Bg2 Nf6 6.O-O Bf5 7.a3 e6 8.d3 Bc5
9.h3 h6 10.Qb3 Qb6 11.Qa4 O-O 12.Nbd2 Qc7 13.Re1 Bh7 14.b4 Bb6 15.Bb2 Qxg3
16.d4 Qd6 17.b5 Ne7 18.Bc3 Rfc8 19.Bb4 Qd8 20.Qb3 Ne4 {#R} 0-1

[Event "It (open) \"]
[Site "masterchessopen.com - Willingen (Germany)"]
[Round "9"]
[White "Friese Henning (GER)"]
[Black "Hagenauer Joerg (GER)"]
[Result "1-0"]
[WhiteElo "2062"]
[BlackElo "2012"]

1.c4 c6 2.g3 g6 3.Bg2 Bg7 4.Nc3 a5 5.d4 d6 6.e3 f5 7.Nge2 Nf6 8.O-O O-O 9.d5
Na6 10.dxc6 Nc5 11.cxb7 Bxb7 12.Bxb7 Nxb7 13.e4 fxe4 14.Nxe4 e6 15.Bg5 d5
16.Nxf6+ Bxf6 17.Bxf6 Rxf6 18.cxd5 exd5 19.Nf4 Rd6 20.Qd4 Rc8 21.Rac1 Rxc1
22.Rxc1 g5 23.Nh5 Qf8 24.Rc7 {#r} 1-0

[Event "Ch Catalunia (team)"]
[Site "masterchessopen.com - Barcelona (Spain)"]
[Round "3"]
[White "Ribera Bazan Jose (AND)"]
[Black "Avila Jimenez Javier (ESP)"]
[Result "0-1"]
[WhiteElo "2147"]
[BlackElo "2231"]

1.c4 c6 2.g3 d5 3.Bg2 dxc4 4.Na3 Be6 5.Qc2 Nf6 6.Nxc4 Na6 7.a3 g6 8.Nf3 Bg7
9.O-O O-O 10.d3 Rc8 11.Ng5 Bd7 12.d4 h6 13.Nh3 Bf5 14.e4 Be6 15.Rd1 Nxe4
16.Nf4 Bxc4 17.Qxc4 Nd6 18.Qa4 Qb6 19.Nd3 Nf5 {#R} 0-1

[Event "Tournament (Elo)"]
[Site "masterchessopen.com - Budapest (Hungary)"]
[Round "4"]
[White "Pham Bich Ngoc (VIE)"]
[Black "Hoang Tri (HUN)"]
[Result "1-0"]
[WhiteElo "2078"]
[BlackElo "2042"]

1.c4 c6 2.g3 d5 3.cxd5 cxd5 4.Bg2 Nf6 5.e3 e6 6.Ne2 Be7 7.Nbc3 Nbd7 8.O-O O-O
9.d3 b6 10.b3 Bb7 11.Bb2 Rc8 12.Rc1 Rc6 13.Qd2 Qb8 14.Nd4 Rc7 15.Rc2 Rfc8
16.Rfc1 a6 17.Nce2 Ne5 18.f4 Nc6 19.Nxc6 Bxc6 20.Be5 Qb7 21.Bxc7 Rxc7 22.Nd4
Bc5 23.Nxc6 {#r} 1-0

[Event "It (open)"]
[Site "masterchessopen.com - Nyiregyhaza (Hungary)"]
[Date "2002.07.02"]
[Round "4"]
[White "Ianov Viktor (UKR)"]
[Black "Galamba Stanislaw (UKR)"]
[Result "1-0"]
[WhiteElo "2419"]
[BlackElo "2108"]

1.c4 c6 2.Qa4 e6 3.e4 d5 4.exd5 exd5 5.cxd5 Qxd5 6.Nc3 Qe5+ 7.Be2 Nf6 8.Nf3
Qc7 9.d4 Be7 10.Ne5 Nbd7 11.Bf4 Qb6 12.Nc4 Qb4 13.Qc2 {#r} 1-0

[Event "It (open)"]
[Site "masterchessopen.com - Cullera (Spain)"]
[Round "7"]
[White "Ramos Dominguez Joaquin (ESP)"]
[Black "Benedito Salavert Jaime (ESP)"]
[Result "1-0"]
[WhiteElo "2069"]
[BlackElo "2049"]

1.c4 c6 2.g3 d5 3.Bg2 Nf6 4.b3 g6 5.Bb2 Bg7 6.Nf3 Nbd7 7.d4 O-O 8.O-O Ne8
9.Nc3 Nc7 10.Rc1 f5 11.e3 dxc4 12.bxc4 e5 13.d5 e4 14.Nd4 cxd5 15.cxd5 Ne5
16.Ba3 Rf7 17.Qb3 Nd3 18.Rc2 Be5 19.Nxe4 {#r} 1-0

[Event "Cup Independence (open)"]
[Site "masterchessopen.com - Kiev (Ukraine)"]
[Round "3"]
[White "Stopkin Vladimir (RUS)"]
[Black "Belotserkovsky Andrey (RUS)"]
[Result "1-0"]
[WhiteElo "2337"]
[BlackElo "2371"]

1.c4 c6 2.Nf3 d5 3.g3 Nf6 4.Bg2 Bg4 5.cxd5 cxd5 6.Qb3 Qc7 7.Nc3 e6 8.O-O a6
9.d3 Bd6 10.e4 dxe4 11.dxe4 O-O 12.e5 Bxe5 13.Nxe5 Qxe5 14.h3 Bf5 15.Bf4 Qa5
16.Bd6 Rd8 17.Qxb7 {#r} 1-0

[Event "It \"]
[Site "masterchessopen.com - Berlin (Germany)"]
[Date "2003.11.24"]
[Round "7"]
[White "Von Loehnysen Leonard (GER)"]
[Black "Mylich Falk (GER)"]
[Result "1-0"]
[WhiteElo "1978"]
[BlackElo "2088"]

1.c4 c6 2.Nf3 Nf6 3.g3 d5 4.Bg2 Nbd7 5.cxd5 cxd5 6.d4 Nb6 7.Nc3 Bf5 8.Bf4 a6
9.O-O e6 10.Rc1 Be7 11.Nb5 Rc8 12.Bc7 Rxc7 13.Nxc7+ Kf8 14.Qb3 Qd6 15.Na8 Nxa8
16.Rc8+ Bd8 17.Rxa8 b5 18.Rc1 Ke7 19.Ne5 Qb6 20.Qb4+ Ke8 21.Rcc8 {#r} 1-0